000 00717nam a2200253Ia 4500
003 OSt
005 20220925220900.0
006 a|||||r|||| 00| 0
007 ta
008 220923b |||||||| |||| 00| 0 eng d
020 _a033363344X
037 _cGeneral Book
040 _aRTL
_cRTL
_beng
041 _2eng
_aeng
082 _aY9(L:4234), N6
100 _aAlmond Brenda Ed.
_9285490
245 0 _aAids
_b A moral issue - The ethical, leagal and social aspects
250 _a2nd
260 _aLondon
_bMacmillan Press
_c1996
300 _ax, 162p
_ccm.
650 _aSociology of medicine
942 _hY9(L:4234), N6
_cGB
_2CC
999 _c572767
_d572767